Rosja na początku XX wieku - Statystyki

Ogólne statystyki
  • Ten quiz został rozwiązany 15 razy
  • Średni wynik to 10 z 15
Statystyki odpowiedzi
Zagadnienie Odpowiedź % Poprawnych
Jak umarł car Mikołaj w 1918? Był postrzelony wraz z jego rodziną
93%
Kto został przywódcą Rosji po śmierci Lenina? Józef Stalin
93%
Kto był założycielem frakcji bolszewików? Włodzimierz Lenin
93%
Kto był carem Rosji na początku XX wieku? Mikołaj II
87%
W którym roku car abdykował? 1917
80%
Wojna rosyjsko-japońska skończyła się zwycięstwem dla Rosji Fałsz
80%
Wskaż co nie było postulatem komunizmu. Utrzymanie własności ziemskiej
73%
Kto został przywódcą Rosji Sowieckiej po rewolucji? Włodzimierz Lenin
73%
W którym roku umarł Lenin? 1924
47%
Ile osób zginęło w wojnie domowej? 2,5 miliona
47%
Rewolucja w 1905 roku była rozpoczęta przez bolszewików. Fałsz
47%
Do którego roku trwała wojna domowa w Rosji? 1922
40%
Kiedy wojna domowa w Rosji się rozpoczęła? 7 listopada 1917 r.
40%
Kiedy rozpoczęła się rewolucja październikowa? 6 listopada
33%
Ile trwała rewolucja październikowa? 1 dzień
27%
Nie znaleziono quizów pasujących do podanych kryteriów
Rozkład punktacji
Procent ludzi z każdym wynikiem
Percentyl według liczby udzielonych odpowiedzi
Twoja historia wyników
Nie rozwiązałeś tego quizu